Rýchla pyrolýza lignocelulózovej biomasy

Salvato in:
Dettagli Bibliografici
Autore principale: Lesný, Marián (Autore)
Altri autori: Haydary, Juma (Relatore della tesi)
Natura: Manoscritto Libro
Lingua:slovacco
Pubblicazione: 2015
Soggetti:
Accesso online:http://is.stuba.sk/zp/portal_zp.pl?podrobnosti=101622
Tags: Aggiungi Tag
Nessun Tag, puoi essere il primo ad aggiungerne!!

MARC

LEADER 00000ntm a22000003a 4500
001 stuzp53023
003 SK-STU
005 20160719154343.8
007 ta
008 150427s2015----xo-----f-mn---000-0-slo-d
040 |a STU  |b slo 
041 0 |a slo 
100 1 |a Lesný, Marián  |u 046230  |4 aut  |U FCHPT Ústav chemického a environmentálneho inžinierstva  |T FCHPT Oddelenie chemického a biochemického inžinierstva  |X 61056  |U C6230  |Y 119  |7 61056 
242 0 1 |a Fast pyrolysis of lignocellulosic biomass  |y eng 
245 1 0 |a Rýchla pyrolýza lignocelulózovej biomasy 
260 |c 2015 
650 4 |a Rýchla pyrolýza  |2 slo 
650 4 |a biomasa  |2 slo 
650 4 |a modelovanie pyrolýzneho reaktora  |2 slo 
650 4 |a prestup tepla v častici  |2 slo 
650 4 |a Fast pyrolysis  |2 eng 
650 4 |a biomass  |2 eng 
650 4 |a heat transfer in a particle  |2 eng 
650 4 |a modelling of pyrolysis reactor  |2 eng 
700 1 |a Haydary, Juma  |4 ths  |X 3923  |7 A000003923 
856 4 |u http://is.stuba.sk/zp/portal_zp.pl?podrobnosti=101622 
SQL |a stuzp53023  |b DBP  |c SLO  |d Rýchla pyrolýza lignocelulózovej biomasy  |e 61056  |f Lesný, Marián  |g 046230  |h 3923  |i Haydary, Juma  |j 20150714  |k 106  |l 04  |m http://is.stuba.sk/zp/portal_zp.pl?podrobnosti=101622  |n B-CHI  |o 5.2.17. chemické inžinierstvo